| 000 | 01112nam a2200229 i 4500 | ||
|---|---|---|---|
| 001 | 159611 | ||
| 003 | ES-MaACL | ||
| 005 | 20230906211657.0 | ||
| 008 | 040917m18651876fr |||| | fre d | ||
| 040 |
_aCAM _bspa _cCAM |
||
| 100 | 1 |
_aMichiels, Alfred. _9129897 |
|
| 245 | 1 | 0 |
_aHistoire de la peinture flamande _b: depuis ses débuts jusqu'en 1864 / _cpar Alfred Michiels. |
| 250 | _a2e éd. | ||
| 260 |
_aParis : _bLibrairie Internationale : _bA. Lacroix, Verboeckhoven et Cie., _c1865-1876 (Imprimerie Jules Le Clere et Cie. |
||
| 300 |
_a10 v.(464; 412; 440; 468; 478; 485; 496; 446; 459; 604 p.) ; _c23 cm. |
||
| 500 | _aEn port. consta: Cet ouvrage contient l'histoire de la peinture hollandaise jusqu'a la séparation des deux écoles. | ||
| 596 | _aEl t. I impreso en 1865, los t. II-IV en 1866, los t. V-VI en 1868, los t. VII-VIII en 1869, el t. IX en 1874 y el t. X impreso en 1876. | ||
| 650 | 4 |
_aPintura flamenca- _vHistoria. _9161986 |
|
| 650 | 4 |
_aPintura holandesa- _vHistoria. _9161985 |
|
| 650 | 4 |
_aPintura barroca- _zPaíses Bajos. _9148602 |
|
| 852 |
_aES-MaACL _jG-10856-65 _z- Enc. hol. |
||
| 999 |
_c159611 _d159611 |
||